=LDR 00000nam 2200000 4500 =001 INLIS000000000001741 =005 20130612090133 =008 ***********************************Ind** =035 ##$$0010-061300000001741 =041 ##$$a Ind =082 ##$$a 615.8 =090 ##$$a 615.8, Pra j =100 ##$$a Prawiradireja, Kaujun =245 ##$$a Jalan kesembuhan, Kaujdjoen Prawiradiredja =260 ##$$a 1996 $b Jakarta =300 ##$$a v,70 hlm, ilus, 20 cm =650 ##$$a Terapi Fisik =850 ##$$a NBPNMAT